| 000 | 00430nam a2200121Ia 4500 | ||
|---|---|---|---|
| 008 | 220204s9999 xx 000 0 und d | ||
| 082 |
_aNR:33(048.8) _bMOH |
||
| 100 | _aMohanan, N | ||
| 245 | 0 | _aReport 1. Baseline survey of small rubber holdings in Kerala and Kanyakumari district (Replanting/New planting component) | |
| 260 |
_aHyderabad _bNational Institute of Rural Development _c1996 |
||
| 700 | _aSami Reddy, B | ||
| 942 | _cBK | ||
| 999 |
_c44186 _d44186 |
||